International Finance Corporation <a> member of the World Bank group

Enregistré dans:
Détails bibliographiques
Format: Livre
Langue:anglais
Publié: Washington International Finance Corporation 1970
Tags: Ajouter un tag
Pas de tags, Soyez le premier à ajouter un tag!

MARC

LEADER 00000nam a2200000 4500
001 c122070
005 20221220101944.0
041 0 |a eng 
044 |a US 
245 1 0 |a International Finance Corporation  |b <a> member of the World Bank group 
264 1 |a Washington  |b International Finance Corporation  |c 1970 
300 |a 46 s.